000 00511nam a2200157 a 4500
001 000047804
005 20201002060739.0
008 180810s2004 dr a 000 spa d
040 _aDO-SdBNP
_bspa
_cBNPHU
082 _aJ831c
100 1 _aJoseoh Espinosa, Teófilo Ml.
_975391
245 3 _aEl cristiano evangélico y la política lo que usted debe saber. /
_cTeófilo Ml. Joseph Espinosa.
260 _aSanto Domingo :
_b[s.l],
_c[s.f.].
300 _a374 p. :
_bil ;
_c25 cm.
590 _aInventariado, 2018/DG
999 _c47292
_d47292